Strategické plánovanie ako nástroj zvyšovania flexibility na trhu práce

Príspevok poukazuje na význam plánovania v oblasti aktívnej a pasívnej politiky trhu práce. Zameriava sa na historický kontext a význam strategického plánovania v tejto oblasti, ako aj metódy, ktoré môžu byť pri plánovaní využívané. Sumarizuje strategické dokumenty, správy a politiky na úrovni EÚ, k...

Ausführliche Beschreibung

Gespeichert in:
Bibliographische Detailangaben
1. Verfasser: Hronec, Štefan
Weitere Verfasser: Gogora, Igor
Format: Buchkapitel
Sprache:Slowakisch
Schlagworte:
Tags: Tag hinzufügen
Keine Tags, Fügen Sie das erste Tag hinzu!

MARC

LEADER 00000nla a2200000 4500
001 0192512
005 20240417075048.8
041 0 |a slo 
044 |a SK 
245 1 0 |a Strategické plánovanie ako nástroj zvyšovania flexibility na trhu práce  |c Štefan Hronec, Igor Gogora 
520 |a Príspevok poukazuje na význam plánovania v oblasti aktívnej a pasívnej politiky trhu práce. Zameriava sa na historický kontext a význam strategického plánovania v tejto oblasti, ako aj metódy, ktoré môžu byť pri plánovaní využívané. Sumarizuje strategické dokumenty, správy a politiky na úrovni EÚ, ktoré v priamom spojení s politikou vzdelávania ovplyvňujú zamestnateľnosť a zvyšujú flexibilitu pracovnej sily. 
610 2 0 |a trh práce 
610 2 0 |a politika 
610 2 0 |a flexibilita 
610 2 0 |a plánovanie 
610 2 0 |a plánovanie strategické 
610 2 0 |a metódy plánovania 
100 1 |a Hronec, Štefan 
700 1 |a Gogora, Igor